00513nam a2200181 a 45000010010000000030011000100080041000210350026000620820013000881000012001012450027001132600037001406500017001779420012001949520090002069980020002969990015003160000-8649ELIB.Books110520 1988  a(ELIB.Books)0000-8795 a30 bAlm aAlmanac aThe World Almanac 1988 bAustraliam: World Almanac c1988 aWorld Almanc 2ddccBK 00102ddc4070aKBTSbKBTSd2011-05-20l0p3990r2022-01-22 00:00:00w2022-01-22yBK cbate2011-05-20 c8649d8649